000 01460nam a2200385 c 4500
003 BLK
005 20250612114220.0
008 180411b bul|||||r ||||||| ||bul||
010 _aKNG00178500000
020 _a978-954-655-602-8
_bиздат.: Бард
040 _aBLK
041 _aBUL
_cBUL
072 7 _2bullib
_aН8301
_xТрилъри Н
080 _aАмериканска литература (на САЩ)
_b821.111(73)
_x-312.4
_z821.111(73)-312.4
100 1 _aРидъл, А. Дж.
_eпърви автор
_9338524
700 _aСтойнов, Юлиян Иванов
_9249851
139 _aРидъл, А. Дж.
_bР 59
245 1 0 _aАтлантският ген
_bРоман
_cА. Дж. Ридъл; прев. Юлиян Иванов Стойнов.
257 _aUSA
260 София
_bБард
_c2015
_fХасково : Полиграфюг
300 _a528 с.
_c20 см
380 _aX
490 1 _aКралете на трилъра
490 1 _3Подсерия
_aСерия Тайнството на произхода
_v1
500 _aОриг. загл. The Atlantis Gene / A. G. Riddle.
653 _aтрилъри
653 _aромани
659 _aН
852 _aЦб 275525
856 4 _qpdf
_u
856 4 _qpdf
_u
942 _cKNG
_n0
_037
944 _aCR
_c20.07.2015
_lЦветелина Шанова
_k30531
944 _aED
_c13.06.2016
_lф /
_kПенка_Димитрова
999 _c170363
_d170363